<?xml version="1.0" encoding="UTF-8"?>
<record
    xmlns:xsi="http://www.w3.org/2001/XMLSchema-instance"
    xsi:schemaLocation="http://www.loc.gov/MARC21/slim http://www.loc.gov/standards/marcxml/schema/MARC21slim.xsd"
    xmlns="http://www.loc.gov/MARC21/slim">

  <leader>00359nam a2200145Ia 4500</leader>
  <controlfield tag="008">230917s9999||||xx |||||||||||||| ||und||</controlfield>
  <datafield tag="040" ind1=" " ind2=" ">
    <subfield code="e">101857</subfield>
    <subfield code="a">MAIN</subfield>
  </datafield>
  <datafield tag="041" ind1=" " ind2=" ">
    <subfield code="a">English</subfield>
  </datafield>
  <datafield tag="082" ind1=" " ind2=" ">
    <subfield code="a">005.73 G959D</subfield>
  </datafield>
  <datafield tag="100" ind1=" " ind2=" ">
    <subfield code="a">Gupta, Amit</subfield>
  </datafield>
  <datafield tag="245" ind1=" " ind2="0">
    <subfield code="a">Data structures through C</subfield>
  </datafield>
  <datafield tag="260" ind1=" " ind2=" ">
    <subfield code="a">New Delhi</subfield>
    <subfield code="b">Galgotia Book Service</subfield>
    <subfield code="c">2003</subfield>
  </datafield>
  <datafield tag="300" ind1=" " ind2=" ">
    <subfield code="a">271 p.</subfield>
  </datafield>
  <datafield tag="942" ind1=" " ind2=" ">
    <subfield code="c">BK</subfield>
  </datafield>
  <datafield tag="952" ind1=" " ind2=" ">
    <subfield code="0">0</subfield>
    <subfield code="1">0</subfield>
    <subfield code="4">0</subfield>
    <subfield code="6">005_730000000000000_G959D</subfield>
    <subfield code="7">0</subfield>
    <subfield code="9">169126</subfield>
    <subfield code="a">MAIN</subfield>
    <subfield code="b">MAIN</subfield>
    <subfield code="c">UIET</subfield>
    <subfield code="d">2004-07-20</subfield>
    <subfield code="l">0</subfield>
    <subfield code="o">005.73 G959D</subfield>
    <subfield code="p">199583</subfield>
    <subfield code="r">2023-09-17 21:13:41</subfield>
    <subfield code="w">2023-09-17</subfield>
    <subfield code="y">BK</subfield>
  </datafield>
  <datafield tag="952" ind1=" " ind2=" ">
    <subfield code="0">0</subfield>
    <subfield code="1">0</subfield>
    <subfield code="4">0</subfield>
    <subfield code="6">005_730000000000000_G959D</subfield>
    <subfield code="7">0</subfield>
    <subfield code="9">169127</subfield>
    <subfield code="a">MAIN</subfield>
    <subfield code="b">MAIN</subfield>
    <subfield code="c">UIET</subfield>
    <subfield code="d">2004-07-20</subfield>
    <subfield code="l">0</subfield>
    <subfield code="o">005.73 G959D</subfield>
    <subfield code="p">199584</subfield>
    <subfield code="r">2023-09-17 21:13:41</subfield>
    <subfield code="w">2023-09-17</subfield>
    <subfield code="y">BK</subfield>
  </datafield>
  <datafield tag="952" ind1=" " ind2=" ">
    <subfield code="0">0</subfield>
    <subfield code="1">0</subfield>
    <subfield code="4">0</subfield>
    <subfield code="6">005_730000000000000_G959D</subfield>
    <subfield code="7">0</subfield>
    <subfield code="9">169128</subfield>
    <subfield code="a">MAIN</subfield>
    <subfield code="b">MAIN</subfield>
    <subfield code="c">UIET</subfield>
    <subfield code="d">2004-07-20</subfield>
    <subfield code="l">0</subfield>
    <subfield code="o">005.73 G959D</subfield>
    <subfield code="p">199585</subfield>
    <subfield code="r">2023-09-17 21:13:41</subfield>
    <subfield code="w">2023-09-17</subfield>
    <subfield code="y">BK</subfield>
  </datafield>
  <datafield tag="952" ind1=" " ind2=" ">
    <subfield code="0">0</subfield>
    <subfield code="1">0</subfield>
    <subfield code="4">0</subfield>
    <subfield code="6">005_730000000000000_G959D</subfield>
    <subfield code="7">0</subfield>
    <subfield code="9">169129</subfield>
    <subfield code="a">MAIN</subfield>
    <subfield code="b">MAIN</subfield>
    <subfield code="d">2004-07-20</subfield>
    <subfield code="l">0</subfield>
    <subfield code="o">005.73 G959D</subfield>
    <subfield code="p">199586</subfield>
    <subfield code="r">2023-09-17 21:13:41</subfield>
    <subfield code="w">2023-09-17</subfield>
    <subfield code="y">BK</subfield>
  </datafield>
  <datafield tag="952" ind1=" " ind2=" ">
    <subfield code="0">0</subfield>
    <subfield code="1">0</subfield>
    <subfield code="4">0</subfield>
    <subfield code="6">005_730000000000000_G959D</subfield>
    <subfield code="7">0</subfield>
    <subfield code="9">169130</subfield>
    <subfield code="a">MAIN</subfield>
    <subfield code="b">MAIN</subfield>
    <subfield code="c">UIET</subfield>
    <subfield code="d">2004-07-20</subfield>
    <subfield code="l">0</subfield>
    <subfield code="o">005.73 G959D</subfield>
    <subfield code="p">199587</subfield>
    <subfield code="r">2023-09-17 21:13:41</subfield>
    <subfield code="w">2023-09-17</subfield>
    <subfield code="y">BK</subfield>
  </datafield>
  <datafield tag="952" ind1=" " ind2=" ">
    <subfield code="0">0</subfield>
    <subfield code="1">0</subfield>
    <subfield code="4">0</subfield>
    <subfield code="6">005_730000000000000_G959D</subfield>
    <subfield code="7">0</subfield>
    <subfield code="9">169131</subfield>
    <subfield code="a">MAIN</subfield>
    <subfield code="b">MAIN</subfield>
    <subfield code="c">UIET</subfield>
    <subfield code="d">2004-07-20</subfield>
    <subfield code="l">1</subfield>
    <subfield code="o">005.73 G959D</subfield>
    <subfield code="p">199588</subfield>
    <subfield code="r">2024-11-04 15:10:57</subfield>
    <subfield code="s">2024-10-19</subfield>
    <subfield code="w">2023-09-17</subfield>
    <subfield code="y">BK</subfield>
  </datafield>
  <datafield tag="952" ind1=" " ind2=" ">
    <subfield code="0">0</subfield>
    <subfield code="1">0</subfield>
    <subfield code="4">0</subfield>
    <subfield code="6">005_730000000000000_G959D</subfield>
    <subfield code="7">0</subfield>
    <subfield code="9">169132</subfield>
    <subfield code="a">MAIN</subfield>
    <subfield code="b">MAIN</subfield>
    <subfield code="c">UIET</subfield>
    <subfield code="d">2004-07-20</subfield>
    <subfield code="l">0</subfield>
    <subfield code="o">005.73 G959D</subfield>
    <subfield code="p">199589</subfield>
    <subfield code="r">2023-09-17 21:13:41</subfield>
    <subfield code="w">2023-09-17</subfield>
    <subfield code="y">BK</subfield>
  </datafield>
  <datafield tag="952" ind1=" " ind2=" ">
    <subfield code="0">0</subfield>
    <subfield code="1">0</subfield>
    <subfield code="4">0</subfield>
    <subfield code="6">005_730000000000000_G959D</subfield>
    <subfield code="7">0</subfield>
    <subfield code="9">169133</subfield>
    <subfield code="a">MAIN</subfield>
    <subfield code="b">MAIN</subfield>
    <subfield code="c">UIET</subfield>
    <subfield code="d">2004-07-20</subfield>
    <subfield code="l">0</subfield>
    <subfield code="o">005.73 G959D</subfield>
    <subfield code="p">199590</subfield>
    <subfield code="r">2023-09-17 21:13:41</subfield>
    <subfield code="w">2023-09-17</subfield>
    <subfield code="y">BK</subfield>
  </datafield>
  <datafield tag="952" ind1=" " ind2=" ">
    <subfield code="0">0</subfield>
    <subfield code="1">0</subfield>
    <subfield code="4">0</subfield>
    <subfield code="6">005_730000000000000_G959D</subfield>
    <subfield code="7">0</subfield>
    <subfield code="9">169134</subfield>
    <subfield code="a">MAIN</subfield>
    <subfield code="b">MAIN</subfield>
    <subfield code="c">UIET</subfield>
    <subfield code="d">2004-07-20</subfield>
    <subfield code="l">0</subfield>
    <subfield code="o">005.73 G959D</subfield>
    <subfield code="p">199591</subfield>
    <subfield code="r">2023-09-17 21:13:41</subfield>
    <subfield code="w">2023-09-17</subfield>
    <subfield code="y">BK</subfield>
  </datafield>
  <datafield tag="952" ind1=" " ind2=" ">
    <subfield code="0">0</subfield>
    <subfield code="1">0</subfield>
    <subfield code="4">0</subfield>
    <subfield code="6">005_730000000000000_G959D</subfield>
    <subfield code="7">0</subfield>
    <subfield code="9">169135</subfield>
    <subfield code="a">MAIN</subfield>
    <subfield code="b">MAIN</subfield>
    <subfield code="c">UIET</subfield>
    <subfield code="d">2004-07-20</subfield>
    <subfield code="l">0</subfield>
    <subfield code="o">005.73 G959D</subfield>
    <subfield code="p">199592</subfield>
    <subfield code="r">2023-09-17 21:13:41</subfield>
    <subfield code="w">2023-09-17</subfield>
    <subfield code="y">BK</subfield>
  </datafield>
  <datafield tag="999" ind1=" " ind2=" ">
    <subfield code="c">111515</subfield>
    <subfield code="d">111515</subfield>
  </datafield>
</record>
